Chvála reči

Podrobná bibliografia
Hlavný autor: Kadlečík, Ivan, 1938-2014 (Autor)
Médium: Článok
Jazyk:slovenčina
Predmet:

MARC

LEADER 00000nab a2200000 a 4500
001 vtls000414083
003 SK-MaSNL
005 20260303162621.0
008 230302c1991 xo 0 slo
015 |a SNBRB19rr/mm-uuuuu 
035 |a CL0414208 
035 |a urn:nbn:sk:snk-abentj 
035 |a (urnnbn)urn:nbn:sk:snk:ar-000fbu 
035 |a (uuid)e0ee2628-c507-426f-ba68-d1126ff46b46 
040 |a SNKBUCL  |b slo  |c SNKBUCL  |e AACR2 
041 0 |a slo 
044 |a xo  |c SK 
080 |a 885.4-3  |2 1981 
100 1 |a Kadlečík, Ivan,  |d 1938-2014  |4 aut  |9 158250 
245 1 0 |a Chvála reči  |c Ivan Kadlečík 
650 0 7 |a črty  |2 snkbucl  |9 893809 
655 7 |a články z novín a časopisov  |2 snkbucl  |9 267496 
655 7 |a články z odboru literárna veda a krásna literatúra  |2 snkbucl  |9 770045 
773 0 |t Slovenské pohľady  |g Roč. 107, č. 3 (1991), s. 2-3 
850 |a Slovenská národná knižnica v Martine  |a MTA001 
852 |a SNK  |b KIS3GCP 
958 |a RK 
958 |a LX 
958 |a OND 
958 |a EUIPO 
958 |a article27 
992 |a RBX 
999 |c 2055911  |d 2057841